| 000 | 00445nam a2200181Ia 4500 | ||
|---|---|---|---|
| 005 | 20240823011204.0 | ||
| 008 | 240823s9999||||xx |||||||||||||| ||und|| | ||
| 041 | _aENGLISH | ||
| 082 | _A006.7869 P1 | ||
| 100 | _a"Sanders,Bill" | ||
| 245 | 0 | _aFlash 5 ActionScript f / x and Design | |
| 250 | _a1st | ||
| 260 |
_c2001 _b"Dreamtech,New Delhi" |
||
| 500 | _aYES | ||
| 650 |
_aFlash _bInformation Technology |
||
| 942 | _cBK | ||
| 999 |
_c160806 _d160806 |
||